Friends. Season 9 /

The hilarity continues as Phoebe is confronted with some tough romantic choices, Rachel takes on motherhood, and Monica and Chandler become inspired to start their own family.

Bibliographic Details
Uniform Title:Friends (Television program).
Main Authors: Crane, David, 1957- (Author), Kauffman, Marta, 1956- (Author), Skloff, Michael (Composer)
Corporate Authors: Warner Bros. Television, Warner Home Video (Firm)
Other Authors: Aniston, Jennifer (Actor), Cox, Courteney, 1964- (Actor), Kudrow, Lisa (Actor), LeBlanc, Matt (Actor), Perry, Matthew, 1969- (Actor), Schwimmer, David, 1966- (Actor), Applegate, Christina, 1971- (Actor), Azaria, Hank, 1964- (Actor), Blair, Selma, 1972- (Actor), Goldblum, Jeff, 1952- (Actor), Prinze, Freddie, Jr (Actor), Rudd, Paul (Actor), Stamos, John, 1963- (Actor), Tyler, Aisha (Actor), Hissong, Richard (Cinematographer), Lamkin, Ken (Cinematographer), McLean, Nick (Cinematographer), Neiers, Mikel (Cinematographer), Shaffner, John (Artistic director), Stewart, Walter Joseph (Artistic director), Helfand, David (Film editor)
Format: Video DVD
Language:English
Language Notes:Closed-captioned. In English; with optional subtitles in English, French, or Spanish.
Published: Burbank, CA : Warner Home Video, [2005]
Edition:Standard version.
Subjects:

MARC

Tag First Indicator Second Indicator Subfields
LEADER 00000cgm a2200000Ka 4500
001 in00002040913
005 20151101055821.0
007 vd cvaizq
008 050113s2005 cau620 e vleng d
020 |a 0790792427 
024 1 0 |a 085393366124 
028 4 3 |a 33661  |b Warner Home Video 
035 |a (OCoLC)ocm57419061 
037 |b Midwest Tapes  |n http://www.midwesttapes.com 
040 |a TEFMT  |c TEFMT  |d TEF  |d GK8  |d OCLCQ  |d TXA  |d UtOrBLW 
041 1 |a eng  |j fre  |j spa 
043 |a n-us-ny 
049 |a TXAM 
082 0 4 |a 791.45/75  |2 22 
090 |a PN1992.77.F76  |b F759 2005 
130 0 |a Friends (Television program).  |n Season 9. 
245 1 0 |a Friends.  |n Season 9 /  |c Warner Bros. Television ; Bright/Kauffman/Crane Productions ; directed by Kevin Bright [and others]. 
246 1 |i Title on container:  |a Friends.  |n The complete ninth season 
250 |a Standard version. 
264 1 |a Burbank, CA :  |b Warner Home Video,  |c [2005] 
264 4 |c ©2005 
300 |a 4 videodiscs (620 min.) :  |b sound, color ;  |c 4 3/4 in. 
336 |a two-dimensional moving image  |b tdi  |2 rdacontent 
337 |a video  |b v  |2 rdamedia 
338 |a videodisc  |b vd  |2 rdacarrier 
500 |a Originally broadcast by NBC in the 2002-2003 season. 
500 |a Based on the characters created by David Crane and Marta Kauffman. 
500 |a Dual-layer format. 
500 |a Special features include producer audio commentary on 3 episodes, behind the style : the look of Friends, gag reel, flaming lips "Phoebe battles the pink robots" music video, who's your best friend? trivia challenge, gunther spills the beans about the final season -- Enhanced features for your DVD-ROM PC. 
505 0 |a disc 1. The one where no one proposes ; The one where Emma cries ; The one with the pediatrician ; The one with the sharks ; The one with Phoebe's birthday dinner ; The one with the male nanny -- disc 2. The one with Ross's inappropriate song ; The one with Rachel's other sister ; The one with Rachel's phone number ; The one with Christmas in Tulsa ; The one where Rachel goes back to work ; The one with Phoebe's rats -- disc 3. The one where Monica sings ; The one with the blind dates ; The one with the mugging ; The one with the boob job ; The one with the memorial service ; The one with the lottery -- disc 4. The one with Rachel's dream ; The one with the soap opera party ; The one with the fertility test ; The one with the donor ; The one in Barbados, part 1. 
508 |a Directors of photography, Richard Hissong, Ken Lamkin, Nick McLean, Mikel Neiers ; art directors, John Shaffner, Joe Stewart ; editors, David Helfand ... [et al.] ; music, Michael Skloff. 
511 1 |a Jennifer Aniston, Courteney Cox Arquette, Lisa Kudrow, Matt LeBlanc, Matthew Perry, David Schwimmer ; guest stars throughout the ninth season: Christina Applegate, Hank Azaria, Selma Blair, Jeff Goldblum, Freddie Prinze, Jr., Paul Rudd, John Stamos, Aisha Tyler. 
520 |a The hilarity continues as Phoebe is confronted with some tough romantic choices, Rachel takes on motherhood, and Monica and Chandler become inspired to start their own family. 
521 8 |a Not rated. 
538 |a DVD; Dolby digital 5.0 surround. 
538 |a DVD-ROM minimum requirements: InterActual Player (included); Microsoft Windows 98SE with Microsoft IE 5.5; Macromedia Flash Player 6.0; an Internet connection; a DVD-ROM drive and a Direct-Show compatible DVD decoder. This DVD will not work in a CD-ROM drive and the DVD-ROM features are not available on Apple Mac OS. 
546 |a Closed-captioned. In English; with optional subtitles in English, French, or Spanish. 
586 |a ASCAP Film and Television Music Awards, 1994: Top TV Series. ASCAP Film and Television Music Awards, 1995: Top TV Series. ASCAP Film and Television Music Awards, 1996: Top TV Series. ASCAP Film and Television Music Awards, 1997: Top TV Series. ASCAP Film and Television Music Awards, 1998: Top TV Series. ASCAP Film and Television Music Awards, 1999: Top TV Series. ASCAP Film and Television Music Awards, 2000: Top TV Series. ASCAP Film and Television Music Awards, 2001: Top TV Series. ASCAP Film and Television Music Awards, 2002: Top TV Series. ASCAP Film and Television Music Awards, 2003: Top TV Series. ASCAP Film and Television Music Awards, 2004: Top TV Series. Aftonbladet TV Prize, Sweden, 1999: Best Foreign TV Program. Aftonbladet TV Prize, Sweden, 2000: Best Foreign TV Program. Aftonbladet TV Prize, Sweden, 2001: Best Foreign TV Program. Aftonbladet TV Prize, Sweden, 2002: Best Foreign TV Program. Aftonbladet TV Prize, Sweden, 2003: Best Foreign TV Program. American Comdey Awards, 1999: Funniest Supporting Female Performer in a TV Series (Lisa Kudrow). BAFTA Awards, 1997: Foreign TV Program Award. BMI Film & TV Awards, 1995: BMI TV Music Award (Allee Willis). BMI Film & TV Awards, 1997: BMI TV Music Award (Allee Willis). BMI Film & TV Awards, 1998: BMI TV Music Award (Allee Willis). BMI Film & TV Awards, 1999: BMI TV Music Award (Allee Willis). BMI Film & TV Awards, 2000: BMI TV Music Award (Allee Willis). BMI Film & TV Awards, 2001: BMI TV Music Award (Allee Willis). BMI Film & TV Awards, 2002: BMI TV Music Award (Allee Willis). BMI Film & TV Awards, 2003: BMI TV Music Award (Allee Willis). Emmy Awards, 1995: Outstanding Individual Achievement in Directing for a Comedy Series (Michael Lembeck). Emmy Awards, 1997: Outstanding Supporting Actress in a Comedy Series (Lisa Kudrow). Emmy Awards, 1999: Outstanding Guest Actor in a Comedy Series (Bruce Willis). Emmy Awards, 2001: Outstanding Comedy Series ; Outstanding Lead Actress in a Comedy Series (Jennifer Aniston). Emmy Awards, 2002: Outstanding Guest Actress in a Comedy Series (Christina Applegate). GLAAD Media Awards, 1994: Outstanding Comedy Series. Golden Globes, 2002: Best Performance by an Actress in a Television Series - Musical or Comedy (Jennifer Aniston). Logie Awards, 2002: Most Popular Overseas Program. Logie Awards, 2003: Most Popular Overseas Star (Jennifer Aniston). People's Choice Awards, 1994: Favorite New TV Comedy Series. People's Choice Awards, 1999: Favorite Television Comedy Series. People's Choice Awards, 2000: Favorite Television Comedy Series. People's Choice Awards, 2001: Favorite Television Comedy Series. People's Choice Awards, 2002: Favorite Television Comedy Series. People's Choice Awards, 2003: Favorite Television Comedy Series. Satellite Awards, 2000: Best Performance by an Actress in a Series, Comedy or Musical (Lisa Kudrow). Screen Actors Guild Awards, 1995: Oustanding Performance by an Ensemble in a Comedy Series. Screen Actors Guild Awards, 1999: Oustanding Performance by a Female Actor in a Comedy Series (Lisa Kudrow). TV Quick Awards, UK, 1999: Best TV Import. Teen Choice Awards, 1998: TV - Choice Comedy. Teen Choice Awards, 1999: TV - Choice Comedy. Teen Choice Awards, 2000: TV - Choice Comedy. Teen Choice Awards, 2001: TV - Choice Actor, Comedy (Matt LeBlanc); TV Choice Actress, Comedy (Jennifer Aniston); TV - Choice Comedy. Teen Choice Awards, 2002: Choice TV - Comedy; Choice TV Actress - Comedy (Jennifer Aniston). Teen Choice Awards, 2003: Choice TV Actress - Comedy (Jennifer Aniston); Choice TV Show - Comedy. TeleVizier-Ring Gala, Netherlands, 1999: Silver TeleVizier Tulip. 
500 |a Videorecording. 
650 0 |a Friendship  |z New York (State)  |z New York  |v Drama. 
650 0 |a Roommates  |z New York (State)  |z New York  |v Drama. 
650 0 |a Man-woman relationships  |z New York (State)  |z New York  |v Drama. 
655 7 |a Television comedies.  |2 lcgft 
655 7 |a Films for the hearing impaired.  |2 lcgft 
700 1 |a Bright, Kevin,  |d 1955-  |4 dir 
700 1 |a Aniston, Jennifer,  |e actor. 
700 1 |a Cox, Courteney,  |d 1964-,  |e actor. 
700 1 |a Kudrow, Lisa,  |e actor. 
700 1 |a LeBlanc, Matt,  |e actor. 
700 1 |a Perry, Matthew,  |d 1969-  |e actor. 
700 1 |a Schwimmer, David,  |d 1966-  |e actor. 
700 1 |a Applegate, Christina,  |d 1971-  |e actor. 
700 1 |a Azaria, Hank,  |d 1964-  |e actor. 
700 1 |a Blair, Selma,  |d 1972-  |e actor. 
700 1 |a Goldblum, Jeff,  |d 1952-  |e actor. 
700 1 |a Prinze, Freddie,  |c Jr.,  |e actor. 
700 1 |a Rudd, Paul,  |e actor. 
700 1 |a Stamos, John,  |d 1963-  |e actor. 
700 1 |a Tyler, Aisha,  |e actor. 
700 1 |a Crane, David,  |d 1957-  |e author. 
700 1 |a Kauffman, Marta,  |d 1956-  |e author. 
700 1 |a Hissong, Richard,  |e cinematographer. 
700 1 |a Lamkin, Ken,  |e cinematographer. 
700 1 |a McLean, Nick,  |e cinematographer. 
700 1 |a Neiers, Mikel,  |e cinematographer. 
700 1 |a Shaffner, John,  |e artistic director. 
700 1 |a Stewart, Walter Joseph,  |e artistic director. 
700 1 |a Helfand, David,  |e film editor. 
700 1 |a Skloff, Michael,  |e composer. 
710 2 |a Warner Bros. Television. 
710 2 |a Warner Home Video (Firm) 
948 |a cataloged  |b h  |c 2005/5/3  |d c  |e mphillip  |f 5:06:44 pm 
949 |a updated-AC Qatar  |b h  |c 2011/5/1  |e agreen 
994 |a C0  |b TXA 
999 |a MARS 
999 f f |s e6ad57ef-7b3e-35cf-ad29-3e21892ac60f  |i ebd33dc6-3eb9-335e-a369-0334dccb1636  |t 0 
952 f f |p dvd  |a Texas A&M University  |b College Station  |c Sterling C. Evans Library  |d Evans: Media and Reserves (Annex 1st floor)  |t 0  |e PN1992.77.F76 F759 2005  |h Library of Congress classification  |i video -- videodisc  |m A14837008793 
998 f f |a PN1992.77.F76 F759 2005  |t 0  |l Evans: Media and Reserves (Annex 1st floor)